000 00358 a2200169 4500
001 182706
020 _a
040 _cMagnum
100 _aMachado, Júlio
240 1 0 _aHistórias para crescer
_lpor
245 1 0 _aHistórias para crescer
300 _a149
362 0 _a2002
440 1 _aNova Fronteira
697 _aLITERATURA GERAL
942 _cBK
999 _c182706
_d182706